Представление документа в формате MARC21

Поле Инд. ПП Название Значение
Тип записи a
Библиографический уровень b
001 Контрольный номер e56cdb40db264fc8a31f487fe6f6eb71
005 Дата корректировки 20230113115507.8
040 a Служба первич. каталог. Scopus
041 0_ a Код языка текста eng
097 a Костяева О.Г.
100 1_ a Автор Cheng Y.
100 1_ a Автор Abusleme A.
100 1_ a Автор Adam T.
100 1_ a Автор Ahmad S.
100 1_ a Автор Aiello S.
100 1_ a Автор Nemchenok I.
i 000090997
k Ректорат
q Полное имя Немченок Игорь Борисович
u Дополнение Немченок И. Б.
c Титул (звания) доцент (ученое звание); кандидат химических наук; доцент (должность); ученый секретарь; заведующий кафедрой;
g Прочие сведения РИНЦ AuthorID: 44551 (https://elibrary.ru/author_items.asp?authorid=44551); Scopus Author ID: 8401877000 (https://www.scopus.com/authid/detail.uri?authorId=8401877000); ResearcherID: F-9715-2014 (http://www.researcherid.com/rid/F-9715-2014)
245 10 a Заглавие Detection of the diffuse supernova neutrino background with JUNO
773 18 t Название источника Proceedings of Science
b Сведения об издании Sissa Medialab Srl
c Italy
x ISSN 1824-8039
g Прочая информация V. 395. - P. 1187
d Место и дата издания 2022
m Специф. данные входит в Scopus; сборник трудов конференции
o Прочие индексы scopus 0.11
w Контрольный № источника 427c302de3ec48df950d4e82f8826b43
a Заголовок основной записи 37th International Cosmic Ray Conference
901 t Тип документа b
952 c Вид литературы материалы конференции